000
00216nam a22001217a 4500
040
_c
HS
082
_a
616
100
_a
NA
245
_a
Intestinal protozoa
260
_a
NA
_b
NA
_c
NA
300
_a
25p;
942
_c
EK
999
_c
10216
_d
10216